|
|
|
|
| LEADER |
00902nam a2200229 a 4500 |
| 001 |
4412332 |
| 008 |
090916s1991 ph bf i000 0 eng d |
| 010 |
|
|
|a 92943813
|
| 020 |
|
|
|a 9715610064
|
| 040 |
|
|
|a DLC
|c DLC
|d DLC
|
| 082 |
0 |
0 |
|a 363.3/48/068
|2 19
|
| 100 |
1 |
|
|a Carter, W. Nick.
|
| 245 |
1 |
0 |
|a Disaster management :
|b a disaster manager's handbook /
|c W. Nick Carter.
|
| 260 |
|
|
|a Manila, Philippines :
|b Asian Development Bank,
|c 1991
|
| 300 |
|
|
|a xxv, 417 p. ;
|c 23 cm.
|
| 504 |
|
|
|a Includes bibliographical references.
|
| 541 |
1 |
|
|e 00014741
|
| 650 |
|
0 |
|a Disaster relief
|x Management
|x Handbooks, manuals, etc.
|
| 710 |
2 |
|
|a Asian Development Bank.
|
| 852 |
4 |
|
|a Ayesha Abed Library
|j General Shelf.
|
| 999 |
|
|
|c 4165
|d 4165
|
| 952 |
|
|
|0 0
|1 0
|2 ddc
|4 0
|6 363_348068000000000_CAR_1991
|7 0
|9 3831
|a BRACUL
|b BRACUL
|c GEN
|d 2009-10-03
|g 1200.00
|l 3
|m 19
|o 363.348068 CAR
|p 3010014741
|r 2022-08-08
|s 2022-06-08
|t 1
|w 2009-10-03
|y BK
|